Lligall : revista catalana d'arxivística / Associació d'Arxivers de Catalunya revista catalana d'arxivística / Associació d'Arxivers de Catalunya
ISBN:
1130-5398
Descripción Física:
25 cm
MARC
| LEADER | 00000nam a2200000Ia 4500 | ||
|---|---|---|---|
| 001 | 9710, 9711, 9712, 9713, 10777, 10778, 10779, 10780, 13377, 13378, 13379, 13380, 13381, 13382, 13383, 13384 | ||
| 008 | 160829s1988 - xx 000 0 cat d | ||
| 008 | 160829s9999 xx 000 0 cat d | ||
| 020 | |a 1130-5398 | ||
| 080 | |a Revistes | ||
| 245 | |a Lligall : |b revista catalana d'arxivística / Associació d'Arxivers de Catalunya | ||
| 260 | |a Barcelona : |b l'Associació, |c 1988 - | ||
| 300 | |a 25 cm | ||
| 362 | |a 1 (1988)- | ||
| 590 | |a Irregular. | ||
| 590 | |a Exemplars monogràfics sobre les Jornades d'Arxivística de Catalunya. | ||
| 590 | |a Descripció basada en: 2 (1990) | ||
| 650 | |a Arxivística |x Catalunya |x Congressos |x Revistes |9 49073 | ||
| 650 | |a Arxivística |x Revistes |9 35784 | ||
| 650 | 0 | |a Arxius |x Revistes |9 45769 | |
| 710 | 2 | |a Associació d'Arxivers de Catalunya |9 52966 | |
| 866 | |a 1988 (1), 1990 (2), 1991 (3, 4), 1992 (5), 1993 (6, 7), 1994 (8), 1995 (9, 10), 1997 (11), 1998 (12, 13), 1999 (14, 15), 2000 (16), 2001 (17, 18), 2002 (19), 2003 (20, 21), 2004 (22), 2005 (23), 2007 (26, 27), 2008 (28), 2009 (29, 30, 31), 2011 (32), 2011 - 2012 (33 - 34) | ||
| 901 | |a Arxiu | ||
| 942 | |n 1 | ||
| 952 | |0 0 |1 0 |4 0 |6 REVISTES |7 1 |9 55069 |a Arxiu |b Arxiu |d 2016-12-01 |l 0 |o Revistes |p 9710, 9711, 9712, 97 |r 2016-12-01 00:00:00 |w 2016-12-01 |y ARXIU | ||
| 999 | |c 58939 |d 58939 | ||